000 00634nam a2200229Ia 4500
008 160621s9999 xx 000 0 und d
020 _a0-07-142609-4
050 _aComSc TK 9965
050 _b.I26 2004
100 _aIannini, Bob.
245 _aElectronic gadgets for the evil genius /
245 _cBob Iannini.
260 _aNew York :
260 _bMcGraw-Hill,
260 _c2001
300 _a302 pages :
300 _billustrations ;
300 _c28 cm.
500 _aIncludes index.
650 _aElectronics -- Amateur's manuals.
650 _xElectronic apparatus and appliances -- Design and construction.
999 _c296112
_d296112